000 00897nab a2200253uu 4500
001 14224
003 HDC
007 cr aa aaaau
008 210214p2007 my ||||| |||| 00| 0 eng d
040 _aHDC
100 _aAzmil Haizam Ahmad Tarmiza
_eauthor
_914813
245 0 _aNew evolution of Palm-based Standard Reference Materials / by
_cAzmil Haizam Ahmad Tarmiza
260 _aKuala Lumpur :
_bMalaysian Palm Oil Board,
_c2007
300 _a1 online resource (4 pages )
336 _atext
_2rdacontent
337 _acomputer
_2rdamedia
338 _aonline resource
_2rdacarrier
650 _aNew evolution
_914814
650 _aPalm-based Standard
_914815
856 _zRequest full-text at [email protected]
942 _2lcc
942 _cAR
942 _kJART 003391
999 _c11540
_d11540